The life of reason (Record no. 7028)
[ view plain ]
| 000 -LEADER | |
|---|---|
| fixed length control field | 00620 a2200205 4500 |
| 020 ## - INTERNATIONAL STANDARD BOOK NUMBER | |
| International Standard Book Number | 1573922102 |
| 040 ## - CATALOGING SOURCE | |
| Original cataloging agency | DLC |
| Language of cataloging | DLC |
| 082 00 - DEWEY DECIMAL CLASSIFICATION NUMBER | |
| Classification number | 191 |
| 100 1# - MAIN ENTRY--PERSONAL NAME | |
| Personal name | Santayana, George, |
| 245 14 - TITLE STATEMENT | |
| Title | The life of reason |
| Statement of responsibility, etc. | George Santayana. |
| 260 ## - PUBLICATION, DISTRIBUTION, ETC. | |
| Place of publication, distribution, etc. | Amherst, N.Y. : |
| Name of publisher, distributor, etc. | Prometheus Books, |
| Date of publication, distribution, etc. | 1998. |
| 300 ## - PHYSICAL DESCRIPTION | |
| Extent | p. cm. |
| 440 #0 - SERIES STATEMENT/ADDED ENTRY--TITLE | |
| Title | Great books in philosophy |
| 500 ## - GENERAL NOTE | |
| General note | Originally published in 5 v.: The Life of reason, or, The phases of human progress. New York : C. Scribner's Sons, 1905-06. |
| 500 ## - GENERAL NOTE | |
| General note | Includes index. |
| 650 #0 - SUBJECT ADDED ENTRY--TOPICAL TERM | |
| Topical term or geographic name entry element | Reason. |
| 650 #0 - SUBJECT ADDED ENTRY--TOPICAL TERM | |
| Topical term or geographic name entry element | Philosophy. |
| 650 #0 - SUBJECT ADDED ENTRY--TOPICAL TERM | |
| Topical term or geographic name entry element | Progress. |
| 942 ## - ADDED ENTRY ELEMENTS (KOHA) | |
| Koha item type | Book |
| Call number prefix | 191 SAN |
| Source of classification or shelving scheme | |
| Withdrawn status | Lost status | Damaged status | Not for loan | Collection code | Permanent Location | Current Location | Shelving location | Date acquired | Source of acquisition | Cost, normal purchase price | Total Checkouts | Total Renewals | Full call number | Barcode | Date last seen | Date last checked out | Price effective from | Koha item type |
|---|---|---|---|---|---|---|---|---|---|---|---|---|---|---|---|---|---|---|
| Central Library (CL) | Central Library (CL) | General Stacks | 10/17/2006 | Progressive International Agencies | 774.68 | 3 | 4 | 191 SAN | SEECS007647 | 04/18/2025 | 01/16/2025 | 01/05/2017 | Book |
